| 000 | 02485cam a2200337 i 4500 | ||
|---|---|---|---|
| 001 | 991027250583507026 | ||
| 003 | UkOxU | ||
| 005 | 20251120131257.0 | ||
| 008 | 250204r20252024enk 000 0aeng d | ||
| 020 | _a9781802062731 | ||
| 035 |
_a(OCoLC)1493635600 _z(OCoLC)1432582437 |
||
| 035 | _a(OCoLC)on1493635600 | ||
| 040 |
_aUKNYK _beng _erda _cUKNYK _dPBU _dOCLCO _dYDX _dDHA _dOCLCA _dYDX _dUkOxU |
||
| 041 | _aeng | ||
| 050 | 4 |
_aHG3853 _b.S77 2025 |
|
| 100 |
_aStevenson, Gary _eauthor _926571 |
||
| 245 | 1 | 4 |
_aThe trading game _b: a confession _c/ Gary Stevenson. |
| 260 |
_aLondon : _bPenguin Books, _c2025. |
||
| 300 |
_a407 pages ; _c20 cm |
||
| 500 | _aOriginally Published: Allen Lane, 2024. | ||
| 520 | _a'If you were gonna rob a bank, and you saw the vault door there, left open, what would you do? Would you wait around?' Ever since he was a kid, kicking broken footballs on the streets of East London in the shadow of Canary Wharf's skyscrapers, Gary wanted something better. Something a whole lot bigger. Then he won a competition run by a bank: 'The Trading Game'. The prize: a golden ticket to a new life, as the youngest trader in the whole city. A place where you could make more money than you'd ever imagined. Where your colleagues are dysfunctional maths geniuses, overfed public schoolboys and borderline psychopaths, yet they start to feel like family. Where soon you're the bank's most profitable trader, dealing in nearly a trillion dollars. A day. Where you dream of numbers in your sleep - and then stop sleeping at all. But what happens when winning starts to feel like losing? When the easiest way to make money is to bet on millions becoming poorer and poorer - and, as the economy starts slipping off a precipice, your own sanity starts slipping with it? You want to stop, but you can't. Because nobody ever leaves. Would you stick, or quit? Even if it meant risking everything? This is an outrageous, unvarnished, white-knuckle journey to the dark heart of an intoxicating world - from someone who survived the game. | ||
| 600 | 0 |
_aStevenson, Gary _c(Economist) _926572 |
|
| 610 | 0 |
_aCitibank (New York, N.Y.) _926573 |
|
| 650 | 0 |
_aFloor traders (Finance) _zGreat Britain _vBiography _926574 |
|
| 650 | 0 |
_aFloor traders (Finance) _xPsychological aspects _926575 |
|
| 650 | 0 |
_aStockbrokers _zEngland _vBiography _926576 |
|
| 655 | 0 |
_aBiographies _922503 |
|
| 655 | 0 |
_aAutobiographies _922646 |
|
| 655 | 0 |
_aPersonal narratives _926577 |
|
| 942 | _2lcc | ||
| 999 |
_c5196 _d5196 |
||